[Event "Cto Aragón Equipos 2016 D. Honor Gr I"]
[Site "Aragon"]
[Date "2016.01.30"]
[Round "1.1"]
[White "Adla, Diego"]
[Black "Del Rey, Diego"]
[Result "1/2-1/2"]
[ECO "A00"]
[WhiteElo "2410"]
[BlackElo "2388"]
[PlyCount "42"]
[EventDate "2016.??.??"]
[WhiteTeam "St. Casablanca A"]
[BlackTeam "El Olivar A"]

1. c4 c6 2. e4 d5 3. exd5 cxd5 4. d4 Nf6 5. Nc3 g6 6. Nf3 Bg7 7. Be2 O-O 8. O-O
Nc6 9. Re1 dxc4 10. Bxc4 Na5 11. Bf1 Be6 12. Rxe6 fxe6 13. Ng5 Qd6 14. Nb5 Qd7
15. Qe2 a6 16. Na3 Nd5 17. Nxe6 Rf6 18. Nxg7 Kxg7 19. Bg5 Rf5 20. Qd2 Nf6 21.
Re1 Re8 1/2-1/2

[Event "Cto Aragón Equipos 2016 D. Honor Gr I"]
[Site "Aragon"]
[Date "2016.01.30"]
[Round "1.2"]
[White "Chueca Forcen, Alberto"]
[Black "Glavina, Pablo"]
[Result "0-1"]
[ECO "A00"]
[WhiteElo "2267"]
[BlackElo "2382"]
[PlyCount "190"]
[EventDate "2016.??.??"]
[WhiteTeam "El Olivar A"]
[BlackTeam "St. Casablanca A"]

1. d4 d5 2. Bf4 c6 3. e3 Qb6 4. b3 Bf5 5. Bd3 Bg6 6. Nf3 Nd7 7. O-O Ngf6 8. c4
e6 9. Nc3 Be7 10. h3 Ne4 11. Bxe4 dxe4 12. Nd2 f5 13. c5 Qd8 14. b4 O-O 15. Nc4
b5 16. Ne5 Nxe5 17. Bxe5 a5 18. Qb3 axb4 19. Qxb4 Qa5 20. Qb3 Bf6 21. Bd6 Rfe8
22. a4 b4 23. Ne2 Bf7 24. Rfb1 Qa6 25. Ng3 e5 26. Qxb4 exd4 27. exd4 Qc8 28.
Ra3 g5 29. Re1 Bg6 30. a5 f4 31. Nf1 Qa6 32. h4 h6 33. hxg5 hxg5 34. Nd2 Ra7
35. g3 e3 36. fxe3 fxe3 37. Raxe3 Rxe3 38. Rxe3 Qxa5 39. Qxa5 Rxa5 40. Be5 Ra1+
41. Kf2 Bd8 42. g4 Ra2 43. Ke1 Ba5 44. Re2 Bd3 45. Rh2 Ra1+ 46. Kf2 Bxd2 47.
Rh6 Be4 48. d5 Ra2 49. Rh8+ Kf7 50. d6 Bf4+ 51. Ke1 Bxe5 52. d7 Bc3+ 53. Kd1
Rd2+ 54. Kc1 Bxh8 55. d8=Q Rc2+ 56. Kd1 Bf6 57. Qd7+ Be7 58. Qd4 Bg6 59. Qd7
Rxc5 60. Ke2 Re5+ 61. Kf2 Be4 62. Qc7 Re6 63. Kg3 Bd5 64. Qc8 Bd6+ 65. Kf2 Bc5+
66. Kg3 Re3+ 67. Kh2 Re2+ 68. Kh3 Be7 69. Qf5+ Kg7 70. Qc8 Re4 71. Qd7 Re3+ 72.
Kh2 Re6 73. Kh3 Kf7 74. Kg3 Rf6 75. Kh3 Rf4 76. Kg3 Bf3 77. Qc7 c5 78. Qc8 Bxg4
79. Qh8 Bf5 80. Qh5+ Kg7 81. Qe2 Bd6 82. Qb2+ Rd4+ 83. Kg2 Kf6 84. Qb6 Ke5 85.
Qd8 Kf4 86. Qh8 Rd2+ 87. Kg1 Be5 88. Qe8 Ra2 89. Qf7 Rb2 90. Kh1 Rc2 91. Qb3 g4
92. Qa4+ Be4+ 93. Kg1 g3 94. Kf1 g2+ 95. Kg1 Rc1+ 0-1

[Event "Cto Aragón Equipos 2016 D. Honor Gr I"]
[Site "Aragon"]
[Date "2016.01.30"]
[Round "1.3"]
[White "Quintin Navarro, Alberto"]
[Black "Newrkla, Katharina"]
[Result "1-0"]
[ECO "A00"]
[WhiteElo "2355"]
[BlackElo "2210"]
[PlyCount "69"]
[EventDate "2016.??.??"]
[WhiteTeam "St. Casablanca A"]
[BlackTeam "El Olivar A"]

1. c4 Nf6 2. Nf3 g6 3. g3 Bg7 4. Bg2 O-O 5. O-O d6 6. Nc3 Nc6 7. d3 e5 8. Rb1
a5 9. a3 Bf5 10. b4 axb4 11. axb4 Qd7 12. b5 Nd8 13. Bb2 Bh3 14. Ra1 Rxa1 15.
Qxa1 Bxg2 16. Kxg2 Re8 17. Ng5 d5 18. Rd1 Qg4 19. Nf3 d4 20. h3 Qe6 21. Nb1 c6
22. bxc6 Nxc6 23. Nbd2 Nd7 24. Ne4 h6 25. Ba3 Bf8 26. Bxf8 Rxf8 27. Rb1 f5 28.
Ned2 Nc5 29. Rb5 Qe7 30. Qa3 e4 31. Qxc5 exf3+ 32. Nxf3 Qxe2 33. Rxb7 Rf6 34.
Nxd4 Qxd3 35. Qd5+ 1-0

[Event "Cto Aragón Equipos 2016 D. Honor Gr I"]
[Site "Aragon"]
[Date "2016.01.30"]
[Round "1.4"]
[White "Hernando Garcia, Antonio"]
[Black "Lopez Gracia, Fernando"]
[Result "1-0"]
[ECO "A00"]
[WhiteElo "2164"]
[BlackElo "2346"]
[PlyCount "71"]
[EventDate "2016.??.??"]
[WhiteTeam "El Olivar A"]
[BlackTeam "St. Casablanca A"]

1. Nf3 d6 2. g3 e5 3. d3 f5 4. c4 Nf6 5. Nc3 Be7 6. Bg2 O-O 7. O-O Qe8 8. e3
Nc6 9. Rb1 Qh5 10. Ne1 Qh6 11. f4 Be6 12. b3 Rae8 13. Nc2 Ng4 14. h3 Nf6 15. d4
exd4 16. exd4 Bf7 17. d5 Nb8 18. Nd4 Qg6 19. Qd3 Bd8 20. Nxf5 h5 21. Rd1 Nfd7
22. Be4 Rxe4 23. Qxe4 Nc5 24. Qc2 Bf6 25. Bd2 Re8 26. Re1 Nba6 27. a3 Rf8 28.
b4 Nd7 29. Rbc1 Kh8 30. Kh2 Be8 31. Ne3 Qf7 32. Ne4 h4 33. g4 Bb2 34. Qxb2
Qxf4+ 35. Kg1 Qxe4 36. Nf5 1-0

[Event "Cto Aragón Equipos 2016 D. Honor Gr I"]
[Site "Aragon"]
[Date "2016.01.30"]
[Round "1.5"]
[White "Garza Marco, Sergio"]
[Black "Garcia Fernandez, Javier"]
[Result "1-0"]
[ECO "A00"]
[WhiteElo "2398"]
[BlackElo "2173"]
[PlyCount "57"]
[EventDate "2016.??.??"]
[WhiteTeam "Helios"]
[BlackTeam "Teruel"]

1. e4 c5 2. Nc3 Nc6 3. Bb5 Nd4 4. Bc4 e6 5. Nge2 Nf6 6. O-O d5 7. exd5 exd5 8.
Nxd5 Nxd5 9. Nxd4 cxd4 10. Qh5 Be6 11. Re1 Be7 12. Rxe6 Nc7 13. Re4 O-O 14. d3
Bf6 15. Bf4 a6 16. Rae1 b5 17. Bb3 Qd7 18. Qc5 Rac8 19. Qd6 Qf5 20. Qa3 Nd5 21.
Bd6 Rfd8 22. g4 Qd7 23. Bxd5 h5 24. Bb3 Re8 25. Qxa6 Rxe4 26. Rxe4 Re8 27.
Rxe8+ Qxe8 28. gxh5 Qe1+ 29. Kg2 1-0

[Event "Cto Aragón Equipos 2016 D. Honor Gr I"]
[Site "Aragon"]
[Date "2016.01.30"]
[Round "1.6"]
[White "Dominguez Bujeda, Jesus"]
[Black "Cerrajeria Ruiz, Jesus Maria"]
[Result "0-1"]
[ECO "A00"]
[WhiteElo "2119"]
[BlackElo "2210"]
[PlyCount "120"]
[EventDate "2016.??.??"]
[WhiteTeam "Teruel"]
[BlackTeam "Helios"]

1. d4 Nf6 2. c4 c5 3. d5 b5 4. cxb5 a6 5. b6 g6 6. Nc3 d6 7. e4 Bg7 8. Be2 O-O
9. Nf3 a5 10. O-O a4 11. Bg5 Qxb6 12. Qc2 h6 13. Bh4 a3 14. bxa3 Rxa3 15. Nb5
Ra5 16. Rab1 Na6 17. Nbd4 Nb4 18. Nc6 Qxc6 19. dxc6 Nxc2 20. e5 dxe5 21. Nxe5
Nd4 22. Bc4 g5 23. Bg3 Bf5 24. Rb7 e6 25. c7 Raa8 26. f3 Rfc8 27. a4 Bf8 28. a5
Rxa5 29. Rb8 Rxc7 30. Ng4 Bxg4 31. Bxc7 Ra7 32. fxg4 Rxc7 33. Rxf6 Nc6 34. Ra8
Kg7 35. Rf1 Bd6 36. Ra6 Be5 37. g3 Bd4+ 38. Kg2 Ne5 39. Be2 Rb7 40. Ra2 c4 41.
Rc1 c3 42. Rac2 Rb2 43. Rxb2 cxb2 44. Rb1 Kf6 45. Kf1 Ke7 46. Ke1 Kd6 47. Kd2
Kd5 48. Kc2 Ke4 49. Rf1 Ke3 50. Bb5 Nxg4 51. Rxf7 Nxh2 52. Bc6 g4 53. Rh7 Nf1
54. Rxh6 e5 55. Rh1 Nxg3 56. Rg1 Kf4 57. Rd1 Ne2 58. Rf1+ Ke3 59. Rf8 Bc3 60.
Rb8 g3 0-1

[Event "Cto Aragón Equipos 2016 D. Honor Gr I"]
[Site "Aragon"]
[Date "2016.01.30"]
[Round "1.7"]
[White "Navarro Alonso, Jorge"]
[Black "Martin Catalan, Juan Vicente"]
[Result "1-0"]
[ECO "A00"]
[WhiteElo "2182"]
[BlackElo "2045"]
[PlyCount "63"]
[EventDate "2016.??.??"]
[WhiteTeam "Helios"]
[BlackTeam "Teruel"]

1. e4 c5 2. Nc3 Nc6 3. Bb5 g6 4. Bxc6 dxc6 5. d3 Bg7 6. f4 Nf6 7. Nf3 Nd7 8.
O-O e5 9. Qe1 Qe7 10. Kh1 exf4 11. Bxf4 Ne5 12. Qg3 f6 13. Nxe5 fxe5 14. Bg5
Qd6 15. Qh4 Be6 16. Rf3 Kd7 17. Bf6 Bxf6 18. Qxf6 Rhg8 19. Qh4 Qe7 20. Qg3 Kd6
21. Ne2 Rgf8 22. d4 cxd4 23. Nxd4 Bg8 24. Rd3 Kc7 25. Nf3 Rf4 26. Rad1 Rxe4 27.
Rd7+ Qxd7 28. Rxd7+ Kxd7 29. Nxe5+ Ke6 30. Nd3 Rf8 31. h3 Kf7 32. Qf3+ 1-0

[Event "Cto Aragón Equipos 2016 D. Honor Gr I"]
[Site "Aragon"]
[Date "2016.01.30"]
[Round "1.8"]
[White "Marin Tolosa, Guillermo"]
[Black "Calvo Simon, Jorge"]
[Result "0-1"]
[ECO "A00"]
[WhiteElo "1896"]
[BlackElo "2138"]
[PlyCount "66"]
[EventDate "2016.??.??"]
[WhiteTeam "Teruel"]
[BlackTeam "Helios"]

1. c4 g6 2. g3 Bg7 3. Bg2 d6 4. Nc3 e5 5. d3 f5 6. e3 Nc6 7. Nd5 Nge7 8. Ne2
O-O 9. O-O Be6 10. Nec3 Qd7 11. Rb1 Nd8 12. Qa4 c6 13. Nb6 axb6 14. Qxa8 e4 15.
Qa4 exd3 16. Rd1 f4 17. exf4 Bg4 18. Rxd3 Bf5 19. Ne4 Re8 20. Rxd6 Qc7 21. Qd1
Nc8 22. Rd4 Qe7 23. f3 Bxd4+ 24. Qxd4 Ne6 25. Qe5 Rd8 26. g4 Rd1+ 27. Kf2 Qb4
28. Nc3 Nc5 29. Qe8+ Kg7 30. gxf5 Nd3+ 31. Kg3 Nd6 32. Qe7+ Kg8 33. Nxd1 Nxf5+
0-1

[Event "Cto Aragón Equipos 2016 D. Honor Gr I"]
[Site "Aragon"]
[Date "2016.01.30"]
[Round "1.10"]
[White "Roque Sola, Jose Luis"]
[Black "Roche Simon, Manuel Angel"]
[Result "0-1"]
[ECO "A00"]
[WhiteElo "2066"]
[BlackElo "2143"]
[PlyCount "64"]
[EventDate "2016.??.??"]
[WhiteTeam "Agrupacion B"]
[BlackTeam "Delicias"]

1. e4 c5 2. Nf3 Nc6 3. d4 cxd4 4. Nxd4 Qb6 5. Nb3 Nf6 6. Nc3 e6 7. Be3 Qc7 8.
a3 a6 9. Be2 b5 10. O-O Bb7 11. f4 d6 12. Bf3 Be7 13. Qe2 Nd7 14. Qf2 Rb8 15.
Rad1 b4 16. axb4 Nxb4 17. Ba7 Rc8 18. Bd4 O-O 19. Bxg7 Kxg7 20. Qd4+ Nf6 21.
Qxb4 d5 22. Qd4 dxe4 23. Bxe4 Bxe4 24. Nxe4 Qxc2 25. Nbd2 Rfd8 26. Qa7 Rc7 27.
Qe3 Rd3 28. Qe1 Nxe4 29. Qxe4 Rcd7 30. f5 exf5 31. Qe5+ f6 32. Qxf5 Qc5+ 0-1

[Event "Cto Aragón Equipos 2016 D. Honor Gr I"]
[Site "Aragon"]
[Date "2016.01.30"]
[Round "1.11"]
[White "Neila Castillo, Miguel Angel"]
[Black "Larrosa Poves, Jose Manuel"]
[Result "1-0"]
[ECO "A00"]
[WhiteElo "2090"]
[BlackElo "2002"]
[PlyCount "65"]
[EventDate "2016.??.??"]
[WhiteTeam "Delicias"]
[BlackTeam "Agrupacion B"]

1. e4 c5 2. Nf3 e6 3. Nc3 Nc6 4. g3 a6 5. Bg2 g6 6. O-O Bg7 7. d3 Nge7 8. a4 d6
9. Be3 Nd4 10. Qd2 O-O 11. Bh6 Nec6 12. Bxg7 Kxg7 13. Nxd4 cxd4 14. Ne2 e5 15.
f4 f6 16. f5 g5 17. h4 h6 18. hxg5 hxg5 19. Kf2 Bd7 20. Rh1 Qb6 21. Rh5 Qd8 22.
Rah1 Rg8 23. Qd1 b5 24. Qg1 Be8 25. Rh7+ Kf8 26. Qh2 Ra7 27. Qh6+ Rag7 28. axb5
axb5 29. Ra1 Qc7 30. Qxf6+ Rf7 31. Rxf7+ Bxf7 32. Ra8+ Nb8 33. c3 1-0

[Event "Cto Aragón Equipos 2016 D. Honor Gr I"]
[Site "Aragon"]
[Date "2016.01.30"]
[Round "1.12"]
[White "Lopez Guaita, Fernando"]
[Black "Lamas Mercadal, Manuel"]
[Result "0-1"]
[ECO "A00"]
[WhiteElo "1946"]
[BlackElo "2084"]
[PlyCount "74"]
[EventDate "2016.??.??"]
[WhiteTeam "Agrupacion B"]
[BlackTeam "Delicias"]

1. e4 c5 2. c3 e6 3. d4 d5 4. exd5 exd5 5. Nf3 Nf6 6. Bd3 Bd6 7. O-O O-O 8.
dxc5 Bxc5 9. h3 Nc6 10. Nbd2 Qd6 11. Nb3 Bb6 12. Nbd4 Ne4 13. Nxc6 Qxc6 14. Bf4
Qf6 15. Bh2 Bf5 16. Bc2 Rad8 17. Nd4 Bg6 18. Ba4 Qg5 19. Kh1 Bh5 20. g4 Bg6 21.
f4 Qh4 22. Kg2 f5 23. g5 Bh5 24. Qe1 Qxe1 25. Rfxe1 Bxd4 26. cxd4 Be8 27. Bb3
Bc6 28. Bg1 Rfe8 29. Be3 Re6 30. Bf2 Rde8 31. Bc2 Bb5 32. Bb3 Bc4 33. Bh4 Bxb3
34. axb3 a6 35. Rec1 Nd2 36. Rc7 Re2+ 37. Kg3 R8e3# 0-1

[Event "Cto Aragón Equipos 2016 D. Honor Gr I"]
[Site "Aragon"]
[Date "2016.01.30"]
[Round "1.13"]
[White "Laliena Solanes, Luis"]
[Black "Salamero Pelay, Fernando"]
[Result "1-0"]
[ECO "A00"]
[WhiteElo "2219"]
[BlackElo "2169"]
[PlyCount "51"]
[EventDate "2016.??.??"]
[WhiteTeam "ONCE C.A. Aragon"]
[BlackTeam "Atl. Huesca"]

1. e4 c5 2. Nc3 Nc6 3. Bb5 g6 4. Bxc6 dxc6 5. d3 Bg7 6. Be3 Qd6 7. f4 e5 8. Qd2
exf4 9. Bxf4 Be5 10. Bxe5 Qxe5 11. Nf3 Qe7 12. O-O Be6 13. e5 O-O-O 14. Ne4 Kb8
15. Qc3 Rd5 16. Nfg5 Nh6 17. Nf6 Rd4 18. Nge4 b6 19. a4 a5 20. Qd2 Ng4 21. Nxg4
Bxg4 22. Qg5 Qd7 23. Nf6 Qe6 24. c3 h6 25. Qh4 g5 26. Qg3 1-0

[Event "Cto Aragón Equipos 2016 D. Honor Gr I"]
[Site "Aragon"]
[Date "2016.01.30"]
[Round "1.14"]
[White "Luis Vitalla, Fernando"]
[Black "Latorre Abad, Fernando"]
[Result "0-1"]
[ECO "A00"]
[WhiteElo "2117"]
[BlackElo "2056"]
[PlyCount "90"]
[EventDate "2016.??.??"]
[WhiteTeam "Atl. Huesca"]
[BlackTeam "ONCE C.A. Aragon"]

1. d4 Nf6 2. c4 e6 3. Nc3 Bb4 4. Nf3 b6 5. Bg5 h6 6. Bh4 g5 7. Bg3 Ne4 8. Qc2
Bb7 9. e3 Bxc3+ 10. bxc3 d6 11. Bd3 Nxg3 12. hxg3 g4 13. Nd2 Nd7 14. e4 h5 15.
Nf1 Qg5 16. f4 gxf3 17. gxf3 O-O-O 18. Qd2 Qxd2+ 19. Kxd2 Rdg8 20. Rb1 f5 21.
Rh4 fxe4 22. Bxe4 Bxe4 23. Rxe4 e5 24. Rbe1 Rf8 25. R1e3 h4 26. Rxh4 Rxh4 27.
gxh4 Rf4 28. Re4 Rxf3 29. Nh2 Rf2+ 30. Re2 Rf4 31. Kd3 Rxh4 32. Nf3 Rh3 33. Re3
Rg3 34. a3 Kb7 35. Nd2 Rxe3+ 36. Kxe3 Nf6 37. Nf3 Ng4+ 38. Kd3 Ka6 39. Kc2 Ka5
40. Kb3 e4 41. Ne1 Ne3 42. d5 b5 43. cxb5 Kxb5 44. c4+ Nxc4 45. Nc2 Kc5 0-1

[Event "Cto Aragón Equipos 2016 D. Honor Gr I"]
[Site "Aragon"]
[Date "2016.01.30"]
[Round "1.15"]
[White "Ferrer Echavarri, Fco Javier"]
[Black "Gella Bitrian, Diego"]
[Result "1-0"]
[ECO "A00"]
[WhiteElo "1951"]
[BlackElo "2020"]
[PlyCount "99"]
[EventDate "2016.??.??"]
[WhiteTeam "ONCE C.A. Aragon"]
[BlackTeam "Atl. Huesca"]

1. d4 Nf6 2. c4 g6 3. Nc3 Bg7 4. e4 d6 5. Be2 O-O 6. Nf3 e5 7. dxe5 dxe5 8.
Qxd8 Rxd8 9. Bg5 Re8 10. O-O-O c6 11. Rd6 Nfd7 12. Rhd1 f6 13. Be3 Bf8 14. R6d2
Nc5 15. Rd8 Kf7 16. Rxe8 Kxe8 17. Nd2 a5 18. Nb3 Nxb3+ 19. axb3 Be6 20. Kc2 Nd7
21. Na4 Bb4 22. c5 Ke7 23. Bc4 Nf8 24. Bh6 Bxc4 25. Bxf8+ Rxf8 26. bxc4 f5 27.
exf5 gxf5 28. Rd3 Rg8 29. g3 Rd8 30. f3 Rxd3 31. Kxd3 h5 32. h3 Kf7 33. g4 Kg6
34. Ke3 Kg5 35. b3 hxg4 36. hxg4 fxg4 37. fxg4 Kxg4 38. Ke4 Be1 39. Kxe5 Kf3
40. Kd6 Ke3 41. Kc7 Kd3 42. Kxb7 Kc2 43. Kxc6 Kxb3 44. Kb5 Bd2 45. c6 Bf4 46.
c5 Bc7 47. Nb6 Kc2 48. Kxa5 Kd3 49. Kb5 Kd4 50. Na8 1-0

[Event "Cto Aragón Equipos 2016 D. Honor Gr I"]
[Site "Aragon"]
[Date "2016.01.30"]
[Round "1.16"]
[White "Biarge Carnicer, Arturo"]
[Black "Landa Garriga, Francisco Javie"]
[Result "1-0"]
[ECO "A00"]
[WhiteElo "1874"]
[BlackElo "1846"]
[PlyCount "66"]
[EventDate "2016.??.??"]
[WhiteTeam "Atl. Huesca"]
[BlackTeam "ONCE C.A. Aragon"]

1. e4 e5 2. Bc4 Nc6 3. Nc3 Bc5 4. Qh5 g6 5. Qf3 Qf6 6. Nd5 Qxf3 7. Nxf3 Bb6 8.
c3 d6 9. b4 Nce7 10. Ng5 Nxd5 11. Bxd5 Nh6 12. a4 c6 13. Bc4 f6 14. Nf3 Nf7 15.
a5 Bc7 16. O-O Ke7 17. d4 Be6 18. d5 cxd5 19. Bxd5 Bxd5 20. exd5 Rac8 21. Be3
a6 22. Rac1 Kd7 23. c4 Bd8 24. Rc3 f5 25. Rfc1 f4 26. Ba7 Bf6 27. R3c2 Rhe8 28.
c5 g5 29. Nd2 e4 30. Nc4 Bd8 31. c6+ bxc6 32. Nb6+ Kc7 33. Rxc6+ Kb7 1-0

[Event "Cto Aragon Equipos 2016 D Honor Gr II"]
[Site "Aragon"]
[Date "2016.01.30"]
[Round "1.17"]
[White "Villuendas Valero, Adrian"]
[Black "Cebrian Valverde, Jose Antonio"]
[Result "1/2-1/2"]
[ECO "A00"]
[WhiteElo "2319"]
[BlackElo "2144"]
[PlyCount "94"]
[EventDate "2016.??.??"]
[WhiteTeam "St. Casablanca B"]
[BlackTeam "San Jose"]

1. d4 d5 2. Bf4 e6 3. e3 Nf6 4. Nd2 Bd6 5. Bg3 O-O 6. Ngf3 b6 7. Bd3 Bb7 8. Ne5
Ne4 9. Nxe4 dxe4 10. Be2 Nd7 11. Nc4 Bxg3 12. hxg3 c5 13. Qd2 Qe7 14. dxc5 Nxc5
15. Qd6 Qf6 16. Qf4 Qxf4 17. gxf4 Rfd8 18. Nd2 Rac8 19. c3 f5 20. O-O-O Ba6 21.
Bxa6 Nxa6 22. Nb3 h6 23. Rxd8+ Rxd8 24. Rd1 Rxd1+ 25. Kxd1 Kf7 26. Ke2 g5 27.
Nd4 Nc5 28. b4 Na4 29. Kd2 Nb2 30. Nc6 Nc4+ 31. Ke2 a5 32. f3 Kf6 33. fxg5+
Kxg5 34. fxe4 fxe4 35. Nd4 Kf6 36. Nb3 Ke5 37. Nd2 Kd5 38. Nxc4 Kxc4 39. bxa5
bxa5 40. Kd2 a4 41. Kc2 h5 42. Kd2 Kc5 43. Kc1 h4 44. Kd1 Kc4 45. Kd2 Kc5 46.
Kc1 Kc4 47. Kc2 Kc5 1/2-1/2

[Event "Cto Aragon Equipos 2016 D Honor Gr II"]
[Site "Aragon"]
[Date "2016.01.30"]
[Round "1.18"]
[White "Gutierrez Mingueza, Ruben"]
[Black "Gomez Anadon, Daniel"]
[Result "0-1"]
[ECO "A00"]
[WhiteElo "2075"]
[BlackElo "2212"]
[PlyCount "70"]
[EventDate "2016.??.??"]
[WhiteTeam "San Jose"]
[BlackTeam "St. Casablanca B"]

1. d4 d5 2. Nf3 Nf6 3. c4 e6 4. Nc3 c6 5. e3 Nbd7 6. Qc2 Bd6 7. Bd3 O-O 8. O-O
dxc4 9. Bxc4 b5 10. Be2 Bb7 11. Rd1 Qb8 12. e4 e5 13. Bg5 exd4 14. Bxf6 Nxf6
15. Rxd4 Re8 16. Rad1 Bc7 17. b4 a5 18. a3 axb4 19. axb4 Ra3 20. Nb1 Ra8 21.
Nc3 Bb6 22. R4d2 Ra3 23. Bd3 Ng4 24. e5 h6 25. Ne4 Nxe5 26. Nxe5 Rxe5 27. Nd6
Rd5 28. Bh7+ Kf8 29. Rxd5 cxd5 30. Nxf7 Qf4 31. Bg6 Qf6 32. h4 Rc3 33. Qd2 Ra3
34. Re1 Qxg6 35. Ng5 hxg5 0-1

[Event "Cto Aragon Equipos 2016 D Honor Gr II"]
[Site "Aragon"]
[Date "2016.01.30"]
[Round "1.19"]
[White "Gimenez Martinez, Alberto"]
[Black "Gimeno Oteo, Marco Antonio"]
[Result "0-1"]
[ECO "A00"]
[WhiteElo "2184"]
[BlackElo "2070"]
[PlyCount "79"]
[EventDate "2016.??.??"]
[WhiteTeam "St. Casablanca B"]
[BlackTeam "San Jose"]

1. e4 e5 2. Bc4 Nf6 3. d3 d6 4. Nc3 Be7 5. f4 Be6 6. Bxe6 fxe6 7. fxe5 dxe5 8.
Nf3 Nc6 9. Bg5 O-O 10. Qd2 Ng4 11. Bxe7 Qxe7 12. O-O-O Qc5 13. Rdf1 Nd4 14. Nd1
Rad8 15. h3 Nf6 16. Re1 Nh5 17. Nxd4 exd4 18. Rhf1 Ng3 19. Rf4 Nh5 20. Rg4 Nf6
21. Rg5 e5 22. Rf1 Nd7 23. Rgf5 Rxf5 24. Rxf5 Rf8 25. Qg5 Qd6 26. a3 c5 27. Nf2
b5 28. Ng4 Re8 29. Qh5 Re7 30. Qh4 c4 31. Qf2 c3 32. Qe1 b4 33. a4 cxb2+ 34.
Kxb2 Nc5 35. Qa1 b3 36. Rf3 Rc7 37. cxb3 Na6 38. Qe1 Nb4 39. Qb1 h5 40. Nf2 0-1

[Event "Cto Aragon Equipos 2016 D Honor Gr II"]
[Site "Aragon"]
[Date "2016.01.30"]
[Round "1.20"]
[White "Ferreruela Romero, Jose Joaqui"]
[Black "Labena Bernal, Antonio"]
[Result "1-0"]
[ECO "A00"]
[WhiteElo "2000"]
[BlackElo "2109"]
[PlyCount "71"]
[EventDate "2016.??.??"]
[WhiteTeam "San Jose"]
[BlackTeam "St. Casablanca B"]

1. d4 d5 2. c4 e6 3. Nc3 Nf6 4. Bg5 Be7 5. e3 h6 6. Bh4 O-O 7. Nf3 b6 8. cxd5
Nxd5 9. Bxe7 Qxe7 10. Nxd5 exd5 11. g3 a5 12. Rc1 Ra7 13. a3 Rd8 14. Qc2 Nd7
15. Be2 c5 16. O-O c4 17. a4 Ba6 18. Rfe1 Qb4 19. h4 Nf6 20. Ne5 Rc8 21. Bf3
Qd6 22. Qc3 Nd7 23. Bg4 Nf6 24. Bxc8 Ne4 25. Qa3 Qf6 26. Ng4 Qf3 27. Bxa6 Rxa6
28. Qe7 Qxg4 29. Qd8+ Kh7 30. Qxd5 b5 31. axb5 Rg6 32. h5 Rg5 33. Qxf7 Nd2 34.
Kg2 Rxh5 35. Rh1 Rf5 36. Rxh6+ 1-0

[Event "Cto Aragon Equipos 2016 D Honor Gr II"]
[Site "Aragon"]
[Date "2016.01.30"]
[Round "1.21"]
[White "Colas Longares, Rafael P"]
[Black "Veras Sanz, Marino"]
[Result "1-0"]
[ECO "A00"]
[WhiteElo "2310"]
[BlackElo "2057"]
[PlyCount "99"]
[EventDate "2016.??.??"]
[WhiteTeam "Caissa Hnos. Cortes"]
[BlackTeam "El Olivar B"]

1. e4 e5 2. Nc3 Nf6 3. g3 Be7 4. Bg2 d6 5. Nge2 Nbd7 6. d4 c6 7. a4 a5 8. h3
Qc7 9. Be3 Rb8 10. O-O O-O 11. Qd2 exd4 12. Nxd4 Re8 13. g4 Nc5 14. g5 Nfd7 15.
Nf5 Ne5 16. Nxe7+ Qxe7 17. Rad1 Bxh3 18. Qxd6 Qxd6 19. Rxd6 Bxg2 20. Kxg2 Ne6
21. b3 Rbd8 22. Rfd1 Rxd6 23. Rxd6 Rd8 24. Rxd8+ Nxd8 25. f4 Nd7 26. Ne2 f6 27.
gxf6 gxf6 28. Nd4 Kf7 29. Kf3 Ne6 30. Nf5 Nec5 31. Nd6+ Ke6 32. Nc4 b6 33. Nxb6
h5 34. Nxd7 Nxd7 35. Bd2 f5 36. e5 Kd5 37. Bxa5 Nc5 38. Be1 Ne6 39. Bf2 c5 40.
c3 Nc7 41. b4 cxb4 42. cxb4 Kc6 43. b5+ Kb7 44. Kg3 Nd5 45. a5 h4+ 46. Kxh4
Nxf4 47. a6+ Ka8 48. Kg5 Nh3+ 49. Kxf5 Nxf2 50. e6 1-0

[Event "Cto Aragon Equipos 2016 D Honor Gr II"]
[Site "Aragon"]
[Date "2016.01.30"]
[Round "1.22"]
[White "Bailo Remacha, Santiago"]
[Black "Garcia Vicente, Nieves"]
[Result "0-1"]
[ECO "A00"]
[WhiteElo "2036"]
[BlackElo "2171"]
[PlyCount "56"]
[EventDate "2016.??.??"]
[WhiteTeam "El Olivar B"]
[BlackTeam "Caissa Hnos. Cortes"]

1. c4 e6 2. d4 Nf6 3. Nc3 Bb4 4. Qb3 Nc6 5. d5 exd5 6. cxd5 Nd4 7. Qd1 c5 8. e3
Nf5 9. Qd3 d6 10. Bd2 O-O 11. a3 Ba5 12. Nf3 Re8 13. Qc4 a6 14. b4 b5 15. Qf4
Bb6 16. Bd3 Ne7 17. O-O Ng6 18. Qg3 Bg4 19. Ng5 Ne5 20. Bc2 h6 21. Nge4 Nh5 22.
Qxe5 dxe5 23. bxc5 Ba5 24. Nd6 Re7 25. f3 Bc8 26. g4 Nf6 27. e4 Rc7 28. a4 Rxc5
0-1

[Event "Cto Aragon Equipos 2016 D Honor Gr II"]
[Site "Aragon"]
[Date "2016.01.30"]
[Round "1.23"]
[White "Vera Aranjuelo, Jesus Maria"]
[Black "Requena Munguira, Jorge"]
[Result "1-0"]
[ECO "A00"]
[WhiteElo "2008"]
[BlackElo "1947"]
[PlyCount "87"]
[EventDate "2016.??.??"]
[WhiteTeam "Caissa Hnos. Cortes"]
[BlackTeam "El Olivar B"]

1. d4 d5 2. Nf3 Nf6 3. Bf4 g6 4. e3 Bg7 5. c4 c6 6. Nc3 Qa5 7. a3 Ne4 8. b4
Nxc3 9. Qc2 Bf5 10. Qxc3 Qd8 11. cxd5 cxd5 12. Bb5+ Bd7 13. Bd3 O-O 14. O-O a6
15. Rfc1 Nc6 16. Qb3 e6 17. b5 Qb6 18. Rab1 axb5 19. Bxb5 Na5 20. Qd3 Bxb5 21.
Rxb5 Qa6 22. Qb1 Rfc8 23. Rxc8+ Rxc8 24. h3 Bf8 25. a4 Rc4 26. Rb6 Rc1+ 27.
Qxc1 Qxb6 28. Qc8 Qb4 29. Bh6 Nc4 30. Ng5 Nb2 31. Nxe6 fxe6 32. Qxe6+ Kh8 33.
Qe5+ Kg8 34. Qxd5+ Kh8 35. Bxf8 Qxf8 36. Qb3 Nxa4 37. Qxa4 Kg7 38. Qd7+ Kf6 39.
Qxb7 Qa3 40. Qxh7 Qd3 41. Qh8+ Kf7 42. Qe5 Qe2 43. Qf4+ Ke6 44. Qg4+ 1-0

[Event "Cto Aragon Equipos 2016 D Honor Gr II"]
[Site "Aragon"]
[Date "2016.01.30"]
[Round "1.24"]
[White "Arinez Bruna, Octavio"]
[Black "Carraminana Lopez, Luis Antoni"]
[Result "1/2-1/2"]
[ECO "A00"]
[WhiteElo "1937"]
[BlackElo "1928"]
[PlyCount "56"]
[EventDate "2016.??.??"]
[WhiteTeam "El Olivar B"]
[BlackTeam "Caissa Hnos. Cortes"]

1. c4 e5 2. g3 Nf6 3. Bg2 h6 4. Nc3 Bb4 5. Nd5 Nc6 6. a3 Be7 7. d3 O-O 8. Nf3
d6 9. O-O Be6 10. Ne1 Qd7 11. b4 Bh3 12. b5 Nxd5 13. bxc6 bxc6 14. cxd5 Bxg2
15. Nxg2 cxd5 16. Qb3 c6 17. Rb1 Rab8 18. Qc2 h5 19. Bd2 h4 20. Rxb8 Rxb8 21.
Nxh4 Bxh4 22. gxh4 Qg4+ 23. Kh1 Qxe2 24. Qd1 Qxd3 25. Bb4 Qh3 26. Bxd6 Rb1 27.
Qxb1 Qf3+ 28. Kg1 Qg4+ 1/2-1/2

[Event "Cto Aragon Equipos 2016 D Honor Gr II"]
[Site "Aragon"]
[Date "2016.01.30"]
[Round "1.25"]
[White "Lana Rodriguez, David"]
[Black "Baron Rodriguez, Jesus"]
[Result "1/2-1/2"]
[ECO "A00"]
[WhiteElo "2260"]
[BlackElo "2439"]
[PlyCount "125"]
[EventDate "2016.??.??"]
[WhiteTeam "Agrupacion A"]
[BlackTeam "Ibercaja A"]

1. Nf3 b5 2. e4 Bb7 3. Bxb5 Bxe4 4. Nc3 Bb7 5. d4 Nf6 6. Bg5 e6 7. Qd3 Be7 8.
h4 c6 9. Ba4 Na6 10. Ne5 O-O 11. O-O-O Nb4 12. Qd2 d6 13. Nd3 a5 14. a3 Qb6 15.
Bb3 Nbd5 16. Na4 Qc7 17. f3 Ba6 18. Nf2 Rfb8 19. Ne4 Bb5 20. c4 Bxa4 21. Bxa4
Nb6 22. Bxf6 Nxa4 23. Qg5 Bf8 24. Rd2 Kh8 25. Qh5 gxf6 26. Nxf6 h6 27. g4 d5
28. g5 Qf4 29. Qxf7 Bg7 30. Qg6 Qf5 31. Qxf5 exf5 32. c5 Rb3 33. f4 Rab8 34.
Rhh2 Rf3 35. Rhf2 Rxf2 36. Rxf2 Bxf6 37. gxf6 Kg8 38. Rg2+ Kf7 39. h5 Rb3 40.
Rg7+ Kf8 41. Rc7 Nxb2 42. Rxc6 Nc4 43. Rc8+ Kf7 44. Rd8 Rc3+ 45. Kb1 Rb3+ 46.
Kc1 Rc3+ 47. Kb1 Rb3+ 48. Kc1 Ne3 49. Rd7+ Kxf6 50. Rd6+ Kg7 51. Rg6+ Kh7 52.
Re6 Kg7 53. Rg6+ Kf7 54. Rxh6 Rc3+ 55. Kb1 Rxa3 56. Rh7+ Kg8 57. Re7 Kf8 58.
Re5 a4 59. c6 Rc3 60. c7 Nc2 61. Rxf5+ Kg7 62. Rxd5 Rxc7 63. Rc5 1/2-1/2